The impact of covid-19 on petty landlords in Delhi, India: Caste, gender and urban villages (Record no. 529983)
[ view plain ]
| 000 -LEADER | |
|---|---|
| fixed length control field | 02005nam a22001457a 4500 |
| 008 - FIXED-LENGTH DATA ELEMENTS--GENERAL INFORMATION | |
| fixed length control field | 250519b ||||| |||| 00| 0 eng d |
| 100 ## - MAIN ENTRY--PERSONAL NAME | |
| Personal name | Gautam, Ajay Kumar |
| 245 ## - TITLE STATEMENT | |
| Title | The impact of covid-19 on petty landlords in Delhi, India: Caste, gender and urban villages |
| 260 ## - PUBLICATION, DISTRIBUTION, ETC. (IMPRINT) | |
| Place of publication, distribution, etc | The Indian Journal of Labour Economics |
| 300 ## - PHYSICAL DESCRIPTION | |
| Extent | 67(4), Oct-Dec, 2024: p.1159-1175 |
| 520 ## - SUMMARY, ETC. | |
| Summary, etc | COVID-19 presented unparalleled difficulties for financially disadvantaged renters, limiting their ability to pay for housing. The impact of this crisis on petty landlords, who often provide housing to these precarious renters, is unclear and requires investigation. Utilising data from a survey of 300 households, and focus group discussions (FGDs) with 100 petty landlords, primarily first-generation Scheduled Caste (SC) and Other Backward Class (OBC) owners, this case study examines the effects of the pandemic on petty landlords in urban villages in Delhi, India. The findings highlight the sedimentation of caste in informal rental market spaces: Firstly, it highlights the role of caste-based socio-economic factors in the emergence of petty landlords in relation to dominant caste landlords. Secondly, it examines the circumstances that led to financial strain among marginalised caste landlords during the pandemic and explores how their responses to this stress worsened existing housing challenges for vulnerable tenants. Thirdly, the study reveals that gender also played a significant role in shaping the experiences of petty landlords, with women outnumbering men as proxy landlords in this group. Lastly, the paper explores how state imposed eviction interventions brought the complexities of caste, class, gender and urban marginality to the forefront.- Reproduced https://link.springer.com/article/10.1007/s41027-024-00526-0 |
| 650 ## - SUBJECT ADDED ENTRY--TOPICAL TERM | |
| Topical term or geographic name as entry element | Covid-19, Petty landlords, Caste, Urban villages, Rental economy, India. |
| 9 (RLIN) | 53262 |
| 773 ## - HOST ITEM ENTRY | |
| Main entry heading | The Indian Journal of Labour Economics |
| 942 ## - ADDED ENTRY ELEMENTS (KOHA) | |
| Item type | Articles |
| Withdrawn status | Lost status | Source of classification or shelving scheme | Damaged status | Not for loan | Permanent location | Current location | Date acquired | Serial Enumeration / chronology | Barcode | Date last seen | Koha item type |
|---|---|---|---|---|---|---|---|---|---|---|---|
| Indian Institute of Public Administration | Indian Institute of Public Administration | 2025-05-19 | 67(4), Oct-Dec, 2024: p.1159-1175 | AR135812 | 2025-05-19 | Articles |
